000 01181cam a22003254a 4500
001 14412699
003 LC
005 20160222142240.0
008 060614s2006 nyua j 000 0 eng
010 _a 2006277730
020 _a0439855861
035 _a(OCoLC)ocm67378773
040 _aWDG
_cWDG
_dDLC
042 _alccopycat
050 0 0 _aGV 1469.35.P63
_b.W516 2006
082 _aFIC
_bW52 2006
100 1 _aWest, Tracey,
_d1965-
_920835
245 1 0 _aOfficial pokémon pokédex
_cTracey West and Katherine Nolls
260 _aNew York :
_bScholastic,
_cc2006.
300 _a111 p. ;
_bcol.,ill.:
_c20 cm.
500 _a"This edition is only available for distribution through the school market"--P. [4] of cover.
520 _aTells you everything you need to know about Normal and Psychic Pokemon, from Aipom to Zigzagoon and Abra to Xatu.
650 0 _aPokémon (Game)
_vJuvenile literature.
_920836
650 0 _aVideo games
_vJuvenile literature.
_920837
700 1 _aNolls, Katherine.
_920838
906 _a7
_bcbc
_ccopycat
_d2
_encip
_f20
_gy-gencatlg
942 _2lcc
_cBK
999 _c11653
_d11653